Βάσεις για τη μουσική : (θεωρία)
Αποθηκεύτηκε σε:
| Κύριος συγγραφέας: | |
|---|---|
| Μορφή: | Βιβλίο |
| Γλώσσα: | Greek |
| Δημοσίευση: |
Αθήναι :
[χ.ό.],
1973
|
| Θέματα: | |
| Ετικέτες: |
Προσθήκη ετικέτας
Δεν υπάρχουν, Καταχωρήστε ετικέτα πρώτοι!
|
MARC
| LEADER | 00000cam a2200000 i 4500 | ||
|---|---|---|---|
| 001 | 1/78298 | ||
| 008 | 960529s1973 gre d | ||
| 035 | |a 1989 |b 1 |c Δωρεά |l 10032887 | ||
| 040 | |a GR-MY-UA |b gre |e aacr | ||
| 041 | 0 | |a gre | |
| 082 | 0 | |a 781 | |
| 100 | 1 | |a Κουτούγκος, Μιλτιάδης. | |
| 245 | 1 | 0 | |a Βάσεις για τη μουσική : |b (θεωρία) / |c Μ.Κουτούγκου |
| 260 | |a Αθήναι : |b [χ.ό.], |c 1973 | ||
| 300 | |a ... τ. | ||
| 650 | 0 | 0 | |a Music theory. |
| 852 | |a INST |b RHODES |e 19960529 |h 781 ΚΟΥ |p 005400003176 |q 005400003176 |t BK |y 0 |z τ.1 | ||
| 852 | |a INST |b RHODES |e 19960529 |h 781 ΚΟΥ |p 005400003176 |q 005400003176 |t BK |v τ.1: |y 0 |z τ.1 | ||
| 852 | |a INST |b RHODES |c AKA |e 20140331 |h 781 ΚΟΥ |p 005400032199 |q 005400032199 |t BK |v τ.2: |y 0 |z τ.2 | ||
| 853 | |a INST |b RHODES |h 781 ΚΟΥ | ||
| 853 | |a INST |b RHODES |c AKA |h 781 ΚΟΥ | ||
| 909 | |a Ρ |b 012422 |c 1989 | ||
| 909 | |a Ρ |b 157227 | ||